Statistiques concernant Les 100 meilleures équipes européennes de football - trois minutes sprint

Cliquez ici pour prendre le quiz!

Statistiques générales

  • Ce quiz a été pris 2 321 fois
  • Le résultat moyen est 27 sur 100

Statistiques - réponses

indiceclub% Correct
1 ESPReal Madrid
98%
2 ESPBarcelone
97%
3 GERBayern Munich
96%
4 ITAAC Milan
94%
5 ITAJuventus
94%
7 ENGManchester United
93%
9 ITAInternazionale Milan
90%
58 ENGManchester City
90%
6 ENGLiverpool
88%
8 NEDAjax Amsterdam
85%
13 PORPorto
85%
57 FRAParis Saint-Germain
82%
10 PORBenfica
81%
18 ENGChelsea
81%
14 ENGArsenal
78%
34 FRAMarseille
76%
19 ESPAtlético Madrid
70%
25 GERBorussia Dortmund
70%
54 FRALyon
70%
11 SCOCeltic
62%
12 SCORangers
60%
16 NEDPSV Eindhoven
58%
83 SPASevilla
58%
40 ITAAS Roma
52%
24 ENGTottenham Hotspur
51%
30 PORSporting Lisbonne
45%
21 ESPValence
45%
15 BELAnderlecht
44%
52 FRAAS Monaco
44%
17 UKRDynamo Kiev
34%
22 NEDFeyenoord
34%
64 ITALazio
34%
81 ITANapoli
31%
36 ESPAthletic Bilbao
24%
63 UKRShakhtar Donetsk
24%
37 ENGEverton
23%
60 FRASaint-Étienne
23%
72 FRABordeaux
21%
38 ENGAston Villa
20%
99 ENGWest Ham United
20%
42 TURGalatasaray
16%
78 FRANantes
16%
59 ENGNewcastle United
14%
69 GERSchalke 04
14%
101 RUSZenit St-Pétersbourg
14%
53 ITAFiorentina
13%
28 GREOlympiakos
13%
61 RUSCSKA Moscou
10%
47 CRODinamo Zagreb
10%
46 ENGNottingham Forest
10%
91 TURFenerbahçe
8%
32 GERHamburg
8%
88 FRAStade Reims
8%
41 BELClub Brugge
7%
45 ENGLeeds United
7%
33 RUSSpartak Moscou
7%
26 CZESparta Prague
7%
67 BELStandard Liège
7%
44 SERPartizan Belgrade
6%
29 AUTRapid Vienne
6%
20 SRBRed Star Belgrade
6%
75 CZESlavia Prague
6%
27 ROMSteaua Bucharest
6%
39 GERBorussia Mönchengladbach
5%
23 HUNFerencváros
5%
79 SWEMalmö
5%
70 ITATorino
5%
96 GREAEK Athènes
4%
94 RUSDynamo Moscou
4%
49 GREPanathinaikos
4%
50 GERWerder Bremen
4%
31 AUTAustria Vienne
3%
87 ITAUC Sampdoria
3%
84 GERVfB Stuttgart
3%
86 ENGWolverhampton Wanderers
3%
92 SUIBasel
2%
80 ITABologne
2%
74 GERCologne
2%
95 POLLegia Varsovie
2%
66 ITAParma
2%
77 SCOAberdeen
1%
43 BULCSKA Sofia
1%
82 GEREintracht Frankfurt
1%
73 SUIGrasshoppers
1%
51 SWEIFK Göteborg
1%
98 NORRosenborg BK
1%
90 HUNBudapest Honvéd
0%
71 ROMDinamo Bucharest
0%
89 GEODinamo Tbilisi
0%
93 GERDynamo Dresden
0%
97 POLGórnik Zabrze
0%
65 CROHajduk Split
0%
56 BULLevski Sofia
0%
76 NIRLinfield
0%
100 GERMagdeburg
0%
48 HUNMTK Budapest
0%
68 ESPReal Zaragoza
0%
55 SVKŠK Slovan Bratislava
0%
35 HUNÚjpest
0%
85 HUNVasas
0%

Distribution des résultats

Percentile par nombre de réponses

% des personnes avec chaque résultat

Votre développement - résultats

Vous n’avez pas pris ce quiz